[Event "Bundesliga 9596"]
[Site "Deutschland"]
[Date "1996.??.??"]
[Round "?.3"]
[White "Siegel, Georg"]
[Black "Lanka, Zigurds"]
[Result "0-1"]
[WhiteElo "2455"]
[BlackElo "2510"]
[PlyCount "100"]
[EventDate "1995.10.??"]
[EventType "team"]
[EventRounds "15"]
[EventCountry "GER"]
[SourceTitle "Bundesliga 9596"]
[Source "DeepChess"]
[SourceDate "2005.01.01"]
[SourceVersion "1"]
[SourceVersionDate "2005.01.01"]
[SourceQuality "1"]
[WhiteTeam "SK Zaehringen 1921"]
[BlackTeam "Dresdner SC 1898"]
[WhiteTeamCountry "GER"]
[BlackTeamCountry "GER"]

1. d4 Nf6 2. c4 g6 3. Nc3 Bg7 4. e4 d6 5. Be2 O-O 6. Nf3 e5 7. O-O Nc6 8. d5
Ne7 9. Ne1 Nd7 10. Nd3 f5 11. Bd2 Kh8 12. Rc1 Nf6 13. f3 c5 14. dxc6 Nxc6 15.
Nf2 f4 16. Na4 h5 17. c5 d5 18. exd5 Nxd5 19. Nc3 Be6 20. Nxd5 Bxd5 21. Bc4 Nd4
22. Bxd5 Qxd5 23. b3 a5 24. Ne4 a4 25. Bc3 axb3 26. axb3 Ra3 27. c6 Rxb3 28.
Bxd4 exd4 29. c7 Rc8 30. Nd6 Rb2 31. Nc4 Ra2 32. Nb6 Qb5 33. Nxc8 Qb2 34. Rc2
Qxc2 35. Qxc2 Rxc2 36. Ne7 Rxc7 37. Nxg6+ Kh7 38. Nxf4 Bh6 39. Nd3 Be3+ 40. Kh1
h4 41. h3 b5 42. g3 Rc2 43. gxh4 Rd2 44. Nb4 Kh6 45. Nd5 Kh5 46. Nxe3 dxe3 47.
Re1 e2 48. Kg2 b4 49. Kf2 b3 50. Ke3 Rd8 0-1

[Event "Bundesliga 9596"]
[Site "Deutschland"]
[Date "1996.??.??"]
[Round "?.5"]
[White "Brendel, Oliver"]
[Black "Maiwald, Jens Uwe"]
[Result "1-0"]
[WhiteElo "2375"]
[BlackElo "2455"]
[PlyCount "45"]
[EventDate "1995.10.??"]
[EventType "team"]
[EventRounds "15"]
[EventCountry "GER"]
[SourceTitle "Bundesliga 9596"]
[Source "DeepChess"]
[SourceDate "2005.01.01"]
[SourceVersion "1"]
[SourceVersionDate "2005.01.01"]
[SourceQuality "1"]
[WhiteTeam "SK Zaehringen 1921"]
[BlackTeam "Dresdner SC 1898"]
[WhiteTeamCountry "GER"]
[BlackTeamCountry "GER"]

1. e4 c5 2. Nf3 e6 3. d4 cxd4 4. Nxd4 Nc6 5. Nb5 d6 6. Bf4 e5 7. Be3 Nf6 8. Bg5
a6 9. Bxf6 gxf6 10. N5c3 f5 11. Qh5 Bg7 12. Bc4 O-O 13. exf5 Nb4 14. Bb3 Qd7
15. Qh4 a5 16. f6 Qd8 17. Ne4 Bf5 18. Qg3 Bg6 19. fxg7 Re8 20. a3 a4 21. axb4
axb3 22. Rxa8 bxc2 23. O-O 1-0

[Event "Bundesliga 9596"]
[Site "Deutschland"]
[Date "1996.??.??"]
[Round "?.7"]
[White "Weidemann, Joerg"]
[Black "Goldberg, Alexander"]
[Result "1/2-1/2"]
[WhiteElo "2310"]
[BlackElo "2405"]
[PlyCount "45"]
[EventDate "1995.10.??"]
[EventType "team"]
[EventRounds "15"]
[EventCountry "GER"]
[SourceTitle "Bundesliga 9596"]
[Source "DeepChess"]
[SourceDate "2005.01.01"]
[SourceVersion "1"]
[SourceVersionDate "2005.01.01"]
[SourceQuality "1"]
[WhiteTeam "SK Zaehringen 1921"]
[BlackTeam "Dresdner SC 1898"]
[WhiteTeamCountry "GER"]
[BlackTeamCountry "GER"]

1. e4 e5 2. Nf3 Nc6 3. Nc3 Nf6 4. d4 exd4 5. Nxd4 Bb4 6. Nxc6 bxc6 7. Bd3 O-O
8. O-O Re8 9. Qf3 h6 10. Bf4 d6 11. Rfe1 Ng4 12. h3 Ne5 13. Qg3 Re6 14. Kh1 Rg6
15. Qh2 Qf6 16. Be2 Qe7 17. Be3 Nd7 18. Bd3 Nc5 19. Bd2 Qh4 20. Qf4 Rg4 21. Qh2
Rg6 22. Qf4 Rg4 23. Qh2 1/2-1/2

[Event "Bundesliga 9596"]
[Site "Deutschland"]
[Date "1996.??.??"]
[Round "?.8"]
[White "Andresen, Steffen"]
[Black "Gruenenwald, Joerg"]
[Result "1-0"]
[WhiteElo "2350"]
[BlackElo "2295"]
[PlyCount "93"]
[EventDate "1995.10.??"]
[EventType "team"]
[EventRounds "15"]
[EventCountry "GER"]
[SourceTitle "Bundesliga 9596"]
[Source "DeepChess"]
[SourceDate "2005.01.01"]
[SourceVersion "1"]
[SourceVersionDate "2005.01.01"]
[SourceQuality "1"]
[WhiteTeam "Dresdner SC 1898"]
[BlackTeam "SK Zaehringen 1921"]
[WhiteTeamCountry "GER"]
[BlackTeamCountry "GER"]

1. c4 g6 2. Nc3 Bg7 3. d4 Nf6 4. e4 d6 5. f3 O-O 6. Be3 Nc6 7. Nge2 a6 8. Qd2
Rb8 9. h4 e5 10. d5 Na5 11. Ng3 c5 12. h5 Bd7 13. O-O-O b5 14. Re1 Nxc4 15.
Bxc4 bxc4 16. Bh6 Bxh6 17. Qxh6 Rb4 18. Re2 Qe7 19. Nf1 Rfb8 20. g4 Bxg4 21.
fxg4 Nxg4 22. Qd2 Rxb2 23. Qxb2 Rxb2 24. Kxb2 Qf6 25. Ne3 Nxe3 26. Rxe3 Qf4 27.
Re2 Qf3 28. Reh2 Kf8 29. hxg6 hxg6 30. Rg1 Kg7 31. Rgg2 Qe3 32. Rf2 Qg3 33.
Rhg2 Qh4 34. Rf1 Qe7 35. Rgf2 f6 36. Kc2 Qd8 37. Kd2 g5 38. Rf3 Kg6 39. R1f2
Kg7 40. Ke2 Kg6 41. Kf1 Kg7 42. Ne2 Kg6 43. Kg2 Kg7 44. Ng3 Kg6 45. Nf5 Qb6 46.
Ne7+ Kf7 47. Rxf6+ 1-0

[Event "Bundesliga 9596"]
[Site "Deutschland"]
[Date "1996.??.??"]
[Round "?.1"]
[White "Almasi, Zoltan"]
[Black "Van der Sterren, Paul"]
[Result "1/2-1/2"]
[WhiteElo "2650"]
[BlackElo "2535"]
[PlyCount "45"]
[EventDate "1995.10.??"]
[EventType "team"]
[EventRounds "15"]
[EventCountry "GER"]
[SourceTitle "Bundesliga 9596"]
[Source "DeepChess"]
[SourceDate "2005.01.01"]
[SourceVersion "1"]
[SourceVersionDate "2005.01.01"]
[SourceQuality "1"]
[WhiteTeam "Dresdner SC 1898"]
[BlackTeam "SV Castrop Rauxel 1923"]
[WhiteTeamCountry "GER"]
[BlackTeamCountry "GER"]

1. e4 e5 2. Nf3 Nc6 3. Bb5 a6 4. Ba4 Nf6 5. O-O Be7 6. Re1 b5 7. Bb3 d6 8. c3
O-O 9. h3 Na5 10. Bc2 c5 11. d4 Qc7 12. Nbd2 cxd4 13. cxd4 Nc6 14. Nb3 a5 15.
Be3 a4 16. Nbd2 Bd7 17. Rc1 Qb7 18. Qe2 Rfe8 19. Bd3 Rab8 20. a3 exd4 21. Nxd4
Ne5 22. Bb1 Bd8 23. N4f3 1/2-1/2

[Event "Bundesliga 9596"]
[Site "Deutschland"]
[Date "1996.??.??"]
[Round "?.2"]
[White "Hoffmann, Michael"]
[Black "Teske, Henrik"]
[Result "1/2-1/2"]
[WhiteElo "2460"]
[BlackElo "2510"]
[PlyCount "30"]
[EventDate "1995.10.??"]
[EventType "team"]
[EventRounds "15"]
[EventCountry "GER"]
[SourceTitle "Bundesliga 9596"]
[Source "DeepChess"]
[SourceDate "2005.01.01"]
[SourceVersion "1"]
[SourceVersionDate "2005.01.01"]
[SourceQuality "1"]
[WhiteTeam "SV Castrop Rauxel 1923"]
[BlackTeam "Dresdner SC 1898"]
[WhiteTeamCountry "GER"]
[BlackTeamCountry "GER"]

1. g3 c5 2. Bg2 Nc6 3. c4 g6 4. Nf3 Bg7 5. O-O Nf6 6. Nc3 O-O 7. d4 cxd4 8.
Nxd4 Nxd4 9. Qxd4 d6 10. Qd3 Be6 11. Bf4 Qa5 12. Rac1 a6 13. b3 Rab8 14. h3
Rfc8 15. Bd2 Qa3 1/2-1/2

[Event "Bundesliga 9596"]
[Site "Deutschland"]
[Date "1996.??.??"]
[Round "?.3"]
[White "Lanka, Zigurds"]
[Black "Watson, William N"]
[Result "0-1"]
[WhiteElo "2510"]
[BlackElo "2530"]
[PlyCount "108"]
[EventDate "1995.10.??"]
[EventType "team"]
[EventRounds "15"]
[EventCountry "GER"]
[SourceTitle "Bundesliga 9596"]
[Source "DeepChess"]
[SourceDate "2005.01.01"]
[SourceVersion "1"]
[SourceVersionDate "2005.01.01"]
[SourceQuality "1"]
[WhiteTeam "Dresdner SC 1898"]
[BlackTeam "SV Castrop Rauxel 1923"]
[WhiteTeamCountry "GER"]
[BlackTeamCountry "GER"]

1. e4 c5 2. Nf3 d6 3. d4 cxd4 4. Nxd4 Nf6 5. Nc3 g6 6. Be3 Bg7 7. f3 O-O 8. Bc4
Nc6 9. Bb3 Bd7 10. h4 Rc8 11. Qd2 h5 12. O-O-O Ne5 13. Rhe1 Nc4 14. Bxc4 Rxc4
15. Nb3 Qc7 16. Bd4 Be6 17. Kb1 Rc8 18. Re2 a5 19. Nb5 Qd8 20. Qxa5 Qxa5 21.
Nxa5 Ra4 22. Nb3 Bc4 23. Nc3 Bxe2 24. Nxe2 e6 25. g3 d5 26. Nc3 Rac4 27. exd5
Nxd5 28. Nxd5 exd5 29. Bxg7 Kxg7 30. c3 Rd8 31. a3 Rc7 32. Rd4 Re7 33. Ka2 Re2
34. c4 Rc8 35. c5 Re3 36. g4 hxg4 37. fxg4 Re4 38. Rxd5 Rxg4 39. h5 g5 40. Na5
Rc7 41. b4 Rg3 42. Nc4 Re7 43. Rd2 f5 44. Rc2 f4 45. Nd6 Kf6 46. h6 Kg6 47. Rf2
Rge3 48. b5 Re2+ 49. Rxe2 Rxe2+ 50. Kb3 f3 51. c6 bxc6 52. bxc6 f2 53. c7 f1=Q
54. c8=Q Qd1+ 0-1

[Event "Bundesliga 9596"]
[Site "Deutschland"]
[Date "1996.??.??"]
[Round "?.5"]
[White "Maiwald, Jens Uwe"]
[Black "Appel, Ralf"]
[Result "1-0"]
[WhiteElo "2455"]
[BlackElo "2450"]
[PlyCount "57"]
[EventDate "1995.10.??"]
[EventType "team"]
[EventRounds "15"]
[EventCountry "GER"]
[SourceTitle "Bundesliga 9596"]
[Source "DeepChess"]
[SourceDate "2005.01.01"]
[SourceVersion "1"]
[SourceVersionDate "2005.01.01"]
[SourceQuality "1"]
[WhiteTeam "Dresdner SC 1898"]
[BlackTeam "SV Castrop Rauxel 1923"]
[WhiteTeamCountry "GER"]
[BlackTeamCountry "GER"]

1. e4 Nf6 2. d3 d5 3. Nd2 e5 4. Ngf3 Nc6 5. c3 a5 6. Be2 Bc5 7. O-O O-O 8. b3
Qe7 9. Bb2 Rd8 10. Qc2 dxe4 11. Nxe4 Nxe4 12. dxe4 Bg4 13. h3 Bh5 14. a3 Qf6
15. Bc1 h6 16. g4 Bg6 17. g5 Qe6 18. Kh2 hxg5 19. Bxg5 Be7 20. Bc4 Qd7 21. Rg1
Kh7 22. Rg4 Qe8 23. Rag1 Rd6 24. Qe2 Bf8 25. Be3 Rf6 26. Rxg6 Rxg6 27. Rxg6
Kxg6 28. Ng5 Kf6 29. Qf3+ 1-0

[Event "Bundesliga 9596"]
[Site "Deutschland"]
[Date "1996.??.??"]
[Round "?.6"]
[White "Dinstuhl, Volkmar"]
[Black "Borriss, Martin"]
[Result "1/2-1/2"]
[WhiteElo "2355"]
[BlackElo "2405"]
[PlyCount "84"]
[EventDate "1995.10.??"]
[EventType "team"]
[EventRounds "15"]
[EventCountry "GER"]
[SourceTitle "Bundesliga 9596"]
[Source "DeepChess"]
[SourceDate "2005.01.01"]
[SourceVersion "1"]
[SourceVersionDate "2005.01.01"]
[SourceQuality "1"]
[WhiteTeam "SV Castrop Rauxel 1923"]
[BlackTeam "Dresdner SC 1898"]
[WhiteTeamCountry "GER"]
[BlackTeamCountry "GER"]

1. Nf3 c5 2. c4 Nc6 3. d4 cxd4 4. Nxd4 g6 5. e4 Nf6 6. Nc3 d6 7. Nc2 Bg7 8. Be2
O-O 9. O-O a6 10. Bd2 Be6 11. Rc1 Qb8 12. b3 Rc8 13. f3 b5 14. cxb5 axb5 15.
Bxb5 Nd7 16. Bxc6 Rxc6 17. Nd5 Bxd5 18. exd5 Rb6 19. Re1 Rxa2 20. b4 Ne5 21.
Bc3 Rb7 22. Nd4 Rc7 23. f4 Qb6 24. fxe5 dxe5 25. d6 exd4 26. dxe7 dxc3+ 27. Kh1
Rxe7 28. Rxe7 Qxb4 29. Rxf7 Qb2 30. Qd5 Qd2 31. Rd7+ Qxd5 32. Rxd5 Bh6 33. Rf1
Ra8 34. Rc5 Bd2 35. g3 Ra7 36. Kg2 Kg7 37. Kf3 h5 38. Ke2 Re7+ 39. Kd3 Rd7+ 40.
Kc2 Re7 41. h4 Be1 42. Rf3 Rf7 1/2-1/2

[Event "Bundesliga 9596"]
[Site "Deutschland"]
[Date "1996.??.??"]
[Round "?.7"]
[White "Goldberg, Alexander"]
[Black "Hennig, Dirk"]
[Result "0-1"]
[WhiteElo "2405"]
[BlackElo "2355"]
[PlyCount "70"]
[EventDate "1995.10.??"]
[EventType "team"]
[EventRounds "15"]
[EventCountry "GER"]
[SourceTitle "Bundesliga 9596"]
[Source "DeepChess"]
[SourceDate "2005.01.01"]
[SourceVersion "1"]
[SourceVersionDate "2005.01.01"]
[SourceQuality "1"]
[WhiteTeam "Dresdner SC 1898"]
[BlackTeam "SV Castrop Rauxel 1923"]
[WhiteTeamCountry "GER"]
[BlackTeamCountry "GER"]

1. e4 c6 2. d4 d5 3. e5 Bf5 4. h4 Qb6 5. c4 dxc4 6. Nc3 Be6 7. Nf3 Bd5 8. Be3
e6 9. Qc2 Qa5 10. Bd2 Qc7 11. a4 Na6 12. Ng5 Nb4 13. Qb1 Nh6 14. Nxh7 Rxh7 15.
Qxh7 Nf5 16. Rc1 Nxd4 17. f4 Nb3 18. Rd1 Qb6 19. Rh3 g6 20. a5 Nc2+ 21. Ke2 Qg1
22. Be3 Nxe3 23. Rxe3 Bc5 24. Nxd5 cxd5 25. Rf3 Nd4+ 26. Rxd4 Qxd4 27. Qg8+ Bf8
28. h5 Qxb2+ 29. Kd1 gxh5 30. f5 Qb1+ 31. Ke2 Qc2+ 32. Ke3 O-O-O 33. Qxf7 Bh6+
34. Kd4 Qb2+ 35. Kc5 Bf8+ 0-1

[Event "Bundesliga 9596"]
[Site "Deutschland"]
[Date "1996.??.??"]
[Round "?.8"]
[White "Hille, Ralph Ingo"]
[Black "Andresen, Steffen"]
[Result "0-1"]
[WhiteElo "2260"]
[BlackElo "2350"]
[PlyCount "120"]
[EventDate "1995.10.??"]
[EventType "team"]
[EventRounds "15"]
[EventCountry "GER"]
[SourceTitle "Bundesliga 9596"]
[Source "DeepChess"]
[SourceDate "2005.01.01"]
[SourceVersion "1"]
[SourceVersionDate "2005.01.01"]
[SourceQuality "1"]
[WhiteTeam "SV Castrop Rauxel 1923"]
[BlackTeam "Dresdner SC 1898"]
[WhiteTeamCountry "GER"]
[BlackTeamCountry "GER"]

1. d4 Nf6 2. g3 e6 3. Bg2 c5 4. Nf3 d5 5. O-O Nc6 6. c4 dxc4 7. Qa4 cxd4 8.
Nxd4 Qxd4 9. Bxc6+ Bd7 10. Rd1 Qxd1+ 11. Qxd1 Bxc6 12. Bg5 Bc5 13. Bxf6 gxf6
14. Nd2 c3 15. bxc3 O-O-O 16. Qc2 h5 17. h4 Rhg8 18. Kf1 f5 19. e3 Rd7 20. Nb3
Be4 21. Qb2 Bb6 22. a4 Rgd8 23. a5 Bc7 24. Ke2 Rd5 25. Ra4 e5 26. c4 Rd1 27.
Nc5 Bg2 28. f3 Bf1+ 29. Kf2 R1d2+ 30. Qxd2 Rxd2+ 31. Kxf1 Bd6 32. Nb3 Rd3 33.
c5 Rxe3 34. cxd6 Rxf3+ 35. Ke2 Rxb3 36. Rc4+ Kd7 37. Rc7+ Kxd6 38. Rxf7 Ke6 39.
Rh7 Rxg3 40. Rxb7 Rg4 41. Rxa7 Rxh4 42. Rh7 Ra4 43. a6 h4 44. Kf2 Kd5 45. a7 f4
46. Kf3 Ra3+ 47. Kg4 h3 48. Kf5 Kd4 49. Rd7+ Ke3 50. Kxe5 Ra5+ 51. Kd6 f3 52.
Re7+ Kd2 53. Kc6 h2 54. Rh7 Rxa7 55. Rxh2+ Ke1 56. Rh8 Re7 57. Kd6 Re3 58. Rh1+
Ke2 59. Kd5 f2 60. Kd4 Re8 0-1

[Event "Bundesliga 9596"]
[Site "Deutschland"]
[Date "1996.??.??"]
[Round "?.1"]
[White "Bologan, Viktor"]
[Black "Lobron, Eric"]
[Result "1/2-1/2"]
[WhiteElo "2590"]
[BlackElo "2590"]
[PlyCount "135"]
[EventDate "1995.10.??"]
[EventType "team"]
[EventRounds "15"]
[EventCountry "GER"]
[SourceTitle "Bundesliga 9596"]
[Source "DeepChess"]
[SourceDate "2005.01.01"]
[SourceVersion "1"]
[SourceVersionDate "2005.01.01"]
[SourceQuality "1"]
[WhiteTeam "Dresdner SC 1898"]
[BlackTeam "SV Empor Berlin e.V."]
[WhiteTeamCountry "GER"]
[BlackTeamCountry "GER"]

1. e4 c5 2. Nf3 e6 3. d4 cxd4 4. Nxd4 Nf6 5. Nc3 Nc6 6. Ndb5 d6 7. Bf4 e5 8.
Bg5 a6 9. Na3 b5 10. Nd5 Be7 11. Bxf6 Bxf6 12. c3 O-O 13. Nc2 Bg5 14. a4 bxa4
15. Rxa4 a5 16. Bc4 Rb8 17. b3 Kh8 18. O-O g6 19. b4 Bd7 20. Qa1 Qc8 21. Bd3
axb4 22. cxb4 Be6 23. b5 Bxd5 24. exd5 Ne7 25. Nb4 Rb7 26. Rd1 Kg7 27. Bf1 Qc5
28. Qa2 Nf5 29. Nc6 h5 30. Qb1 Re8 31. Na5 Ra7 32. Nb3 Qb6 33. Rxa7 Qxa7 34.
Qa1 Qc7 35. Bd3 Ne7 36. Qa5 Qb7 37. Bc4 Ra8 38. Qb4 Qb6 39. Ra1 Rxa1+ 40. Nxa1
e4 41. Nc2 Nf5 42. Bf1 e3 43. fxe3 Nxe3 44. Qc3+ Kf8 45. Nxe3 Bxe3+ 46. Kh1 Bd4
47. Qf3 Qc5 48. g3 Kg7 49. h4 Bf6 50. Kg2 Bd8 51. Kh3 Bb6 52. Qe4 Qg1 53. Qg2
Qd4 54. Qf3 Qd2 55. Qd3 Qf2 56. Bg2 Bd4 57. Qf3 Qb2 58. Bf1 Be5 59. Be2 Qd4 60.
Kg2 f5 61. Qd3 Qb2 62. Qe3 Qd4 63. Qxd4 Bxd4 64. b6 Bxb6 65. Bb5 Kf6 66. Be8
Ba5 67. Kf3 Bd2 68. Kf2 1/2-1/2

[Event "Bundesliga 9596"]
[Site "Deutschland"]
[Date "1996.??.??"]
[Round "?.3"]
[White "Lanka, Zigurds"]
[Black "Boensch, Uwe"]
[Result "1/2-1/2"]
[WhiteElo "2510"]
[BlackElo "2550"]
[PlyCount "65"]
[EventDate "1995.10.??"]
[EventType "team"]
[EventRounds "15"]
[EventCountry "GER"]
[SourceTitle "Bundesliga 9596"]
[Source "DeepChess"]
[SourceDate "2005.01.01"]
[SourceVersion "1"]
[SourceVersionDate "2005.01.01"]
[SourceQuality "1"]
[WhiteTeam "Dresdner SC 1898"]
[BlackTeam "SV Empor Berlin e.V."]
[WhiteTeamCountry "GER"]
[BlackTeamCountry "GER"]

1. e4 c5 2. Nf3 Nc6 3. d4 cxd4 4. Nxd4 e5 5. Nb5 d6 6. N1c3 a6 7. Na3 Be7 8.
Nd5 Nf6 9. Nxf6+ Bxf6 10. Nc4 Be7 11. a4 Be6 12. Be3 O-O 13. Be2 b5 14. Nb6 Rb8
15. axb5 axb5 16. Nd5 Bg5 17. O-O Bxe3 18. Nxe3 b4 19. Kh1 Nd4 20. Bd3 g6 21.
Qe1 d5 22. exd5 Bxd5 23. f3 Be6 24. Qg3 b3 25. Qxe5 bxc2 26. Nxc2 Nxc2 27. Bxc2
Qd2 28. Qc3 Qxc3 29. bxc3 Rb2 30. Rfc1 Rd8 31. Rab1 Ra2 32. Ra1 Rb2 33. Rab1
1/2-1/2

[Event "Bundesliga 9596"]
[Site "Deutschland"]
[Date "1996.??.??"]
[Round "?.4"]
[White "Tischbierek, Raj"]
[Black "Uhlmann, Wolfgang"]
[Result "1/2-1/2"]
[WhiteElo "2490"]
[BlackElo "2460"]
[PlyCount "172"]
[EventDate "1995.10.??"]
[EventType "team"]
[EventRounds "15"]
[EventCountry "GER"]
[SourceTitle "Bundesliga 9596"]
[Source "DeepChess"]
[SourceDate "2005.01.01"]
[SourceVersion "1"]
[SourceVersionDate "2005.01.01"]
[SourceQuality "1"]
[WhiteTeam "SV Empor Berlin e.V."]
[BlackTeam "Dresdner SC 1898"]
[WhiteTeamCountry "GER"]
[BlackTeamCountry "GER"]

1. e4 e6 2. d4 d5 3. Nc3 Bb4 4. exd5 exd5 5. Bd3 Nc6 6. a3 Bxc3+ 7. bxc3 Nge7
8. Qf3 Be6 9. Ne2 Qd7 10. O-O O-O 11. Ng3 Bg4 12. Qf4 Ng6 13. Qd2 Nce7 14. f3
Bf5 15. Nxf5 Nxf5 16. Qg5 Nge7 17. Re1 f6 18. Qg4 Rad8 19. Bf4 Nd6 20. Bxd6
cxd6 21. Qh4 Ng6 22. Qh5 Qf7 23. Re3 Rfe8 24. Rae1 Rxe3 25. Rxe3 Nf8 26. Qg4
Re8 27. Kf2 Rxe3 28. Kxe3 Qe6+ 29. Qxe6+ Nxe6 30. f4 Nc7 31. c4 b6 32. g3 g6
33. cxd5 Nxd5+ 34. Kd2 Kg7 35. c4 Nc7 36. Kc3 f5 37. Be2 Kf6 38. Bf3 h6 39. Kd3
g5 40. fxg5+ hxg5 41. Bc6 g4 42. Bd7 Kg5 43. c5 dxc5 44. dxc5 bxc5 45. Kc4 Na8
46. Kxc5 Nb6 47. Bb5 f4 48. a4 fxg3 49. hxg3 Kf5 50. a5 Ke4 51. Kc6 Kf3 52. Kb7
Kxg3 53. Kxa7 Nd5 54. Kb7 Kf2 55. a6 g3 56. a7 g2 57. a8=Q g1=Q 58. Qa2+ Kg3
59. Qxd5 Qe3 60. Bd3 Qe7+ 61. Kc6 Kf4 62. Qf5+ Ke3 63. Bc2 Qe8+ 64. Kc5 Qe7+
65. Kc4 Qc7+ 66. Kb3 Qb6+ 67. Ka2 Qa7+ 68. Kb1 Qb7+ 69. Kc1 Qh1+ 70. Kb2 Qb7+
71. Bb3 Qg7+ 72. Kc2 Qd4 73. Qh3+ Ke2 74. Qe6+ Kf2 75. Bc4 Qe3 76. Qf6+ Qf3 77.
Qe5 Qe3 78. Qh2+ Ke1 79. Qh1+ Kf2 80. Qh4+ Qg3 81. Qe4 Qf3 82. Qh7 Qg2 83. Qd3
Qf3 84. Qd2+ Kg3 85. Qg5+ Qg4 86. Qc5 Qf3 1/2-1/2

[Event "Bundesliga 9596"]
[Site "Deutschland"]
[Date "1996.??.??"]
[Round "?.5"]
[White "Maiwald, Jens Uwe"]
[Black "Volke, Karsten"]
[Result "1-0"]
[WhiteElo "2455"]
[BlackElo "2470"]
[PlyCount "69"]
[EventDate "1995.10.??"]
[EventType "team"]
[EventRounds "15"]
[EventCountry "GER"]
[SourceTitle "Bundesliga 9596"]
[Source "DeepChess"]
[SourceDate "2005.01.01"]
[SourceVersion "1"]
[SourceVersionDate "2005.01.01"]
[SourceQuality "1"]
[WhiteTeam "Dresdner SC 1898"]
[BlackTeam "SV Empor Berlin e.V."]
[WhiteTeamCountry "GER"]
[BlackTeamCountry "GER"]

1. e4 c5 2. Nf3 e6 3. d3 d5 4. Nbd2 g6 5. g3 Bg7 6. Bg2 Ne7 7. O-O O-O 8. Re1
Nbc6 9. h4 h6 10. e5 Qc7 11. Qe2 Nd4 12. Nxd4 cxd4 13. Nf3 Qb6 14. Nh2 Kh7 15.
h5 Bd7 16. g4 g5 17. f4 gxf4 18. Bxf4 Qxb2 19. Rab1 Qxa2 20. Rxb7 Qa4 21. Bh3
Qc6 22. Reb1 Nc8 23. R7b4 Qc5 24. Nf3 a5 25. Rb7 Bc6 26. g5 Bxb7 27. gxh6 Bxh6
28. Bxh6 Rg8+ 29. Bg5 Bc6 30. Qd2 a4 31. Qf4 Qxc2 32. Qf6 Qxb1+ 33. Kh2 Qc2+
34. Bg2 Rg7 35. h6 1-0

[Event "Bundesliga 9596"]
[Site "Deutschland"]
[Date "1996.??.??"]
[Round "?.6"]
[White "Muse, Mladen"]
[Black "Borriss, Martin"]
[Result "0-1"]
[WhiteElo "2420"]
[BlackElo "2405"]
[PlyCount "70"]
[EventDate "1995.10.??"]
[EventType "team"]
[EventRounds "15"]
[EventCountry "GER"]
[SourceTitle "Bundesliga 9596"]
[Source "DeepChess"]
[SourceDate "2005.01.01"]
[SourceVersion "1"]
[SourceVersionDate "2005.01.01"]
[SourceQuality "1"]
[WhiteTeam "SV Empor Berlin e.V."]
[BlackTeam "Dresdner SC 1898"]
[WhiteTeamCountry "GER"]
[BlackTeamCountry "GER"]

1. d4 Nf6 2. Nf3 g6 3. Bf4 Bg7 4. e3 c5 5. Nbd2 cxd4 6. exd4 O-O 7. Bd3 Nc6 8.
c3 d6 9. O-O e5 10. Bg3 Nh5 11. dxe5 Nxg3 12. hxg3 dxe5 13. Be4 f5 14. Qb3+ Kh8
15. Bxc6 bxc6 16. Rfd1 Qe7 17. Qa4 e4 18. Nd4 e3 19. Re1 exf2+ 20. Kxf2 Qc7 21.
N2f3 Rb8 22. Re2 Bd7 23. Rh1 f4 24. Ng5 h5 25. Ke1 Bg4 26. Nge6 Qd6 27. Nxg7
Bxe2 28. Nge6 Bg4 29. Nxf8 Qe5+ 30. Kf1 Rxf8 31. gxf4 Rxf4+ 32. Kg1 Qe1+ 33.
Kh2 Qh4+ 34. Kg1 Qf2+ 35. Kh2 Bd1 0-1

[Event "Bundesliga 9596"]
[Site "Deutschland"]
[Date "1996.??.??"]
[Round "?.7"]
[White "Goldberg, Alexander"]
[Black "Stern, Rene"]
[Result "1-0"]
[WhiteElo "2405"]
[BlackElo "2445"]
[PlyCount "105"]
[EventDate "1995.10.??"]
[EventType "team"]
[EventRounds "15"]
[EventCountry "GER"]
[SourceTitle "Bundesliga 9596"]
[Source "DeepChess"]
[SourceDate "2005.01.01"]
[SourceVersion "1"]
[SourceVersionDate "2005.01.01"]
[SourceQuality "1"]
[WhiteTeam "Dresdner SC 1898"]
[BlackTeam "SV Empor Berlin e.V."]
[WhiteTeamCountry "GER"]
[BlackTeamCountry "GER"]

1. e4 e5 2. Bc4 Nf6 3. d3 c6 4. Nf3 Be7 5. O-O Qc7 6. Nc3 O-O 7. Bg5 d6 8. h3
b5 9. Bb3 Nbd7 10. a3 a5 11. Ne2 Nc5 12. Ba2 Be6 13. Ng3 Rfe8 14. Re1 h6 15.
Be3 d5 16. exd5 Nxd5 17. Bxd5 Bxd5 18. Nxe5 Bxg2 19. Nxf7 Bd5 20. Nxh6+ gxh6
21. Qg4+ Bg5 22. Bxc5 Qf4 23. Qxf4 Bxf4 24. Nh5 Bg5 25. f4 Bh4 26. Bf2 Be7 27.
Kh2 Kf7 28. Bd4 Rg8 29. Rg1 Bf3 30. Ng3 Rae8 31. Raf1 Bd5 32. Nf5 Rxg1 33. Rxg1
Bf8 34. Ne3 Be6 35. Be5 c5 36. c3 Rc8 37. d4 cxd4 38. cxd4 Bd7 39. f5 Rc6 40.
Kg3 h5 41. Kf3 Bh6 42. Bf4 Bg7 43. Ke4 Bc8 44. d5 Ra6 45. Rc1 Bd7 46. Rc7 Ke8
47. Be5 Bh6 48. Nc2 b4 49. axb4 axb4 50. Rb7 Bf8 51. Nd4 Ra1 52. Ne6 Re1+ 53.
Kd4 1-0

[Event "Bundesliga 9596"]
[Site "Deutschland"]
[Date "1996.??.??"]
[Round "?.8"]
[White "Poldauf, Dirk"]
[Black "Andresen, Steffen"]
[Result "1-0"]
[WhiteElo "2430"]
[BlackElo "2350"]
[PlyCount "74"]
[EventDate "1995.10.??"]
[EventType "team"]
[EventRounds "15"]
[EventCountry "GER"]
[SourceTitle "Bundesliga 9596"]
[Source "DeepChess"]
[SourceDate "2005.01.01"]
[SourceVersion "1"]
[SourceVersionDate "2005.01.01"]
[SourceQuality "1"]
[WhiteTeam "SV Empor Berlin e.V."]
[BlackTeam "Dresdner SC 1898"]
[WhiteTeamCountry "GER"]
[BlackTeamCountry "GER"]

1. c4 b6 2. d4 Bb7 3. d5 e6 4. a3 exd5 5. cxd5 c5 6. e4 d6 7. Nc3 g6 8. f4 Bg7
9. Nf3 a6 10. a4 Nd7 11. Bc4 Ne7 12. O-O O-O 13. Qe1 Re8 14. Qh4 h6 15. Bd2 Nf6
16. Rae1 Qd7 17. h3 Rab8 18. g4 Bc8 19. Ne5 dxe5 20. fxe5 g5 21. Qg3 Nh5 22.
gxh5 Qxh3 23. Qxh3 Bxh3 24. d6 Bxf1 25. Rxf1 Nc6 26. Bxf7+ Kh8 27. Bxe8 Rxe8
28. Nd5 Nxe5 29. Nxb6 Rd8 30. Bc3 Rxd6 31. Nd5 Nd7 32. Rf7 Bxc3 33. Nxc3 Ne5
34. Re7 Nc6 35. Rc7 c4 36. Kf2 Ne5 37. Ke3 Ng4+ 1-0